| 000 | 00581nam a22001817a 4500 | ||
|---|---|---|---|
| 999 |
_c526749 _d526749 |
||
| 003 | NUST | ||
| 020 |
_a969-474-175-0 _qHBK |
||
| 038 | _aFaiza | ||
| 082 |
_a491.4309 _bDUR |
||
| 100 |
_aDurani, Attash _917745 |
||
| 245 |
_aPakistani Urdu ky Khad o khal / _cAttash Durani |
||
| 260 |
_aRawalpindi : _bMuqtadra Qoumi Zaban, _c1997. |
||
| 300 | _a334 p. ; | ||
| 880 |
_6100-01\r _aعطش دُرّانی |
||
| 880 |
_6245-02\r _aپاکستانی اُردو کے خدوخال / |
||
| 880 |
_6260-03\r _aراولپنڈی : _bمقتدرہ قومی زبان, _c۱۹۹۷. |
||
| 942 |
_2ddc _cBK |
||